000 00198 a2200097 4500
020 _a9780673758316
041 _aspa
100 _aTatler, Sarah
245 _aA la escuela de los grillos
942 _cBK
999 _c31936
_d31934